Kraje produkujące najwięcej żyta - Statystyki

Ogólne statystyki
  • Ten quiz został rozwiązany 164 razy
  • Średni wynik to 15 z 20
Statystyki odpowiedzi
Tony Kraj % Poprawnych
2 201 400 Niemcy
99%
2 166 884 Polska
99%
1 916 056 Rosja
97%
393 780 Ukraina
94%
110 092 Francja
93%
214 180 Stany Zjednoczone
93%
1 044 776 Chiny
91%
388 467 Hiszpania
88%
236 400 Kanada
85%
502 505 Białoruś
83%
95 366 Wielka Brytania
79%
120 160 Czechy
78%
84 116 Węgry
72%
320 000 Turcja
70%
88 200 Szwecja
69%
177 447 Austria
64%
86 098 Argentyna
57%
482 166 Dania
57%
81 600 Łotwa
41%
94 436 Egipt
38%
Nie znaleziono quizów pasujących do podanych kryteriów
Rozkład punktacji
Procent ludzi z każdym wynikiem
Percentyl według liczby udzielonych odpowiedzi
Twoja historia wyników
Nie rozwiązałeś tego quizu